[Event "AUTO-ADV-3952"]
[Site "http://www.queenalice.com/game.php?id=1508076"]
[Date "2017.12.15"]
[Round "1"]
[White "AniaStep2017"]
[Black "ismaelfln"]
[Result "0-1"]
[WhiteElo "1500"]
[BlackElo "1726"]

1. e4 e5 2. Nf3 Nc6 3. Bc4 h6 4. d4 exd4 5. Nxd4 Nxd4 6. Qxd4 c5 7. Qe5+ Qe7 8.
Qxe7+ Bxe7 9. Be3 Nf6 10. f3 O-O 11. O-O a6 12. Nc3 b5 13. Bd5 Rb8 0-1

[Event "AUTO-ADV-3952"]
[Site "http://www.queenalice.com/game.php?id=1508077"]
[Date "2017.12.15"]
[Round "1"]
[White "ismaelfln"]
[Black "AniaStep2017"]
[Result "1-0"]
[WhiteElo "1733"]
[BlackElo "1486"]

1. e4 c6 2. Nf3 d5 3. e5 Bf5 4. d4 e6 5. Bg5 Be7 6. Bxe7 Nxe7 7. Be2 h6 8. O-O
Nd7 9. a4 a5 10. Nc3 O-O 11. h3 Bh7 12. g4 g5 13. h4 1-0

[Event "AUTO-ADV-3952"]
[Site "http://www.queenalice.com/game.php?id=1508078"]
[Date "2017.12.15"]
[Round "1"]
[White "AniaStep2017"]
[Black "Canaye"]
[Result "0-1"]
[WhiteElo "1591"]
[BlackElo "1910"]

1. e4 e6 2. Nf3 d5 3. Nc3 d4 4. Ne2 c5 5. c3 d3 6. Nf4 c4 7. Qa4+ Nc6 8. Qxc4 e5
9. Nxd3 Be6 10. Qa4 Bd6 11. Be2 Ne7 12. b4 O-O 13. O-O Bd7 14. Qc2 Ng6 15. g3 f5
16. Nc5 Bxc5 0-1

[Event "AUTO-ADV-3952"]
[Site "http://www.queenalice.com/game.php?id=1508079"]
[Date "2017.12.15"]
[Round "1"]
[White "Canaye"]
[Black "AniaStep2017"]
[Result "1-0"]
[WhiteElo "1905"]
[BlackElo "1619"]

1. d4 c6 2. c4 d5 3. Nc3 Nf6 4. cxd5 cxd5 5. h3 Nc6 6. Bf4 e6 7. e3 a6 8. Bd3
Bd6 9. Bg5 Be7 10. Nge2 h6 11. Bf4 g5 12. Bg3 Bd6 13. O-O Bxg3 14. Nxg3 h5 15.
f4 h4 16. Nge2 Nh5 17. f5 1-0

[Event "AUTO-INT-3378"]
[Site "http://www.queenalice.com/game.php?id=1545312"]
[Date "2018.10.9"]
[Round "1"]
[White "AniaStep2017"]
[Black "saturnin"]
[Result "1-0"]
[WhiteElo "1386"]
[BlackElo "1719"]

1. e4 d6 2. Nf3 e5 3. d4 exd4 4. Qxd4 Nc6 5. Bb5 Bd7 6. Qd3 Nb4 7. Bxd7+ Qxd7 8.
Qc3 c5 9. a3 Na6 10. O-O Nf6 11. e5 dxe5 12. Qxe5+ Be7 13. Nc3 O-O 14. Rd1 Qc6
15. Qxe7 Rae8 16. Qd6 Qxd6 17. Rxd6 Re7 18. Bg5 Rfe8 19. Bxf6 gxf6 20. Rxf6 Kg7
21. Rf5 h6 22. Rd5 h5 23. Rxh5 Kg6 24. Rg5+ Kf6 25. Rd5 b6 26. Kf1 Nc7 27. Rd6+
Kg7 28. Rd2 a6 29. Re1 Ne6 30. Nd5 Rb7 31. b4 cxb4 32. axb4 Rc8 33. c3 1-0

[Event "AUTO-INT-3378"]
[Site "http://www.queenalice.com/game.php?id=1545313"]
[Date "2018.10.9"]
[Round "1"]
[White "saturnin"]
[Black "AniaStep2017"]
[Result "0-1"]
[WhiteElo "1700"]
[BlackElo "1423"]

1. d4 c6 2. e4 d5 3. e5 Bf5 4. Nf3 e6 5. Be2 Bb4+ 6. Nfd2 Nd7 7. c3 Ba5 8. b4
Bc7 9. c4 Ne7 10. c5 b5 11. cxb6 Bxb6 12. Bb2 O-O 13. a4 Bc7 14. Nc3 f6 15. exf6
Nxf6 16. b5 Rb8 17. O-O Bg6 18. Nf3 h6 19. Ne5 Bxe5 20. dxe5 Nd7 21. bxc6 Nxc6
22. Nb5 a6 23. Nd6 Rxb2 24. Bxa6 Qc7 25. Qc1 Rb6 26. Bb5 Ndxe5 27. Bxc6 Rxc6 28.
Qb2 Qxd6 29. a5 Nc4 30. Qb7 Rb8 31. Qa7 Ra6 32. Qd4 Rxa5 33. Rxa5 Nxa5 34. h3
Rb1 35. Qa7 Rxf1+ 36. Kxf1 Bd3+ 37. Kg1 Qa6 0-1

[Event "AUTO-OPEN-3982"]
[Site "http://www.queenalice.com/game.php?id=1545359"]
[Date "2018.10.9"]
[Round "1"]
[White "Spiritus"]
[Black "AniaStep2017"]
[Result "1-0"]
[WhiteElo "2384"]
[BlackElo "1423"]

1. e4 c6 2. d4 d5 3. e5 Bf5 4. Nf3 e6 5. Be2 Bb4+ 6. c3 Ba5 7. O-O Ne7 8. Nh4
Bg6 9. Bg5 Kd7 10. b4 Bb6 11. f4 Nf5 12. Nxf5 Qe8 13. Nd6 Qf8 14. Nxb7 f6 15.
exf6 gxf6 16. Bh4 Kc7 17. Nc5 Bxc5 18. bxc5 a6 19. Nd2 Nd7 20. f5 exf5 21. Bg3+
Kc8 22. Qa4 Nb8 23. Bxb8 Kxb8 24. Qxc6 1-0

[Event "AUTO-OPEN-3982"]
[Site "http://www.queenalice.com/game.php?id=1545360"]
[Date "2018.10.9"]
[Round "1"]
[White "AniaStep2017"]
[Black "Spiritus"]
[Result "1/2-1/2"]
[WhiteElo "1500"]
[BlackElo "2392"]

1. e4 e5 2. Nf3 Nc6 3. Bc4 Bc5 4. O-O Nf6 5. d3 d6 6. Bg5 h6 7. Bd2 Bg4 8. h3
Bd7 9. a3 Qe7 10. b4 Bb6 11. c3 Be6 12. Bxe6 Qxe6 13. Re1 O-O 14. Be3 Bxe3 15.
Rxe3 Rfe8 16. Nbd2 Ne7 17. c4 Ng6 18. Nh2 Nf4 19. Ndf3 g5 20. Ng4 Nxg4 21. hxg4
Qxg4 22. g3 h5 23. Nh2 Qxd1+ 24. Rxd1 Ne6 25. Nf1 Kg7 26. Nd2 Kg6 27. Nb3 g4 28.
d4 Ng5 29. d5 Rf8 30. Kg2 f5 31. exf5+ Rxf5 32. Na5 Raf8 33. Rf1 b6 34. Nc6 a6
35. Ne7+ Kg7 36. Nxf5+ Rxf5 37. a4 e4 38. b5 a5 39. Re2 Re5 40. Re3 Kg6 41. Re2
Nf3 42. Rd1 Kf5 1/2-1/2

[Event "AUTO-OPEN-3982"]
[Site "http://www.queenalice.com/game.php?id=1545383"]
[Date "2018.10.9"]
[Round "1"]
[White "AniaStep2017"]
[Black "APSHOOTER"]
[Result "1-0"]
[WhiteElo "1475"]
[BlackElo "1690"]

1. e4 e5 2. Nf3 d6 3. d4 h6 4. dxe5 Bg4 5. Be2 Nc6 6. h3 Bxf3 7. Bxf3 dxe5 8.
O-O Qxd1 9. Rxd1 Bd6 10. c3 Nf6 11. b3 O-O-O 12. a3 g5 13. a4 Nd7 14. Ba3 h5 15.
Bxd6 cxd6 16. Na3 g4 17. hxg4 h4 18. Rxd6 h3 19. g3 h2+ 20. Kh1 f6 21. Rad1 Na5
22. b4 Nc6 23. a5 a6 24. Nc4 Rh6 25. Nb6+ Nxb6 26. axb6 Rxd6 27. Rxd6 Nb8 28. g5
Rh8 29. Bg4+ Nd7 30. Bxd7+ Kd8 31. Bg4+ Ke8 32. Rxf6 1-0

[Event "AUTO-OPEN-3982"]
[Site "http://www.queenalice.com/game.php?id=1545384"]
[Date "2018.10.9"]
[Round "1"]
[White "APSHOOTER"]
[Black "AniaStep2017"]
[Result "1-0"]
[WhiteElo "1632"]
[BlackElo "1541"]

1. e4 c6 2. Nc3 d5 3. exd5 cxd5 4. d4 Nf6 5. h3 Bd7 6. Nf3 Nc6 7. a3 Bf5 8. Bb5
Bd7 9. Be3 a6 10. Bd3 e6 11. Ne5 Nxe5 12. dxe5 Ng8 13. Qd2 g6 14. Ne2 h5 15. Bg5
Be7 16. Bxe7 Nxe7 17. Nd4 Nc6 18. Nxc6 Bxc6 19. O-O b5 20. f4 Ke7 21. b3 a5 22.
a4 b4 23. c3 Qb8 24. Rfb1 Rc8 25. cxb4 axb4 26. a5 Qa7+ 27. Kf1 Qb8 28. a6 Qb6
29. Rc1 Bd7 30. Rxc8 Rxc8 31. a7 Ra8 32. Ra6 Qb7 33. Qc2 Kd8 34. Qc5 Ke8 35. g4
hxg4 36. hxg4 Bc8 37. Bb5+ Bd7 38. Bxd7+ Kxd7 39. Rd6+ Ke8 40. Rc6 Rxa7 41. Rc8+
Kd7 42. Rf8 Qa6+ 43. Kf2 Qa2+ 44. Kg3 1-0

[Event "AUTO-OPEN-3982"]
[Site "http://www.queenalice.com/game.php?id=1545385"]
[Date "2018.10.9"]
[Round "1"]
[White "AniaStep2017"]
[Black "LOMBARDY"]
[Result "0-1"]
[WhiteElo "1475"]
[BlackElo "2228"]

1. e4 c5 2. Nf3 Nc6 3. Bb5 e6 4. Bxc6 bxc6 5. O-O d5 6. e5 a5 7. c4 Ba6 8. b3
Ne7 9. d3 Nf5 10. Bb2 Be7 11. Re1 Qb6 12. Nbd2 O-O 13. Bc1 Bb7 14. Nf1 a4 15.
Bb2 axb3 16. a3 Rfd8 17. Ne3 Nxe3 18. fxe3 dxc4 19. Nd2 Ba6 20. dxc4 Rd3 21. Qe2
Rad8 22. Red1 Qa5 23. Rac1 Qxd2 24. Rxd2 Rxd2 0-1

[Event "AUTO-OPEN-3982"]
[Site "http://www.queenalice.com/game.php?id=1545386"]
[Date "2018.10.9"]
[Round "1"]
[White "LOMBARDY"]
[Black "AniaStep2017"]
[Result "1-0"]
[WhiteElo "2178"]
[BlackElo "1529"]

1. e4 c6 2. Nf3 d5 3. Nc3 e6 4. d3 d4 5. Nb1 Bb4+ 6. Bd2 Bxd2+ 7. Qxd2 c5 8. Be2
Nc6 9. c4 Nge7 10. Na3 e5 11. Nc2 Ng6 12. O-O O-O 13. g3 h6 14. b4 b6 15. a3 f6
16. Rfb1 Rf7 17. Nfe1 Nh8 18. f4 Bd7 19. Ng2 Ng6 20. Bh5 Kh7 21. f5 Nh8 22. Bxf7
Nxf7 23. h4 Rb8 24. bxc5 bxc5 25. Nce1 Rxb1 26. Rxb1 Nd6 27. Nf3 a5 28. Nge1 Qc7
29. Kg2 Bc8 30. g4 Nf7 31. Kg3 Ba6 32. Qb2 Kg8 33. Qb6 Qxb6 34. Rxb6 Bxc4 35.
dxc4 Nfd8 36. Nd3 Kf8 37. Nxc5 Ke7 38. Nb7 Kd7 39. Nxd8 Nxd8 40. Kf2 Kc7 41. Ra6
1-0